000 00518nam a2200169 i 4500
001 115689
003 ES-MaACL
005 20230906190532.0
007 t|
008 070427s1926 sp ||||1| spa d
100 1 _aTorres Balbás, Leopoldo.
_9110926
245 1 0 _aPaseos por la Alhambra
_b: La Rauda /
_cpor Leopoldo Torres Balbas.
260 _aMadrid :
_b[s.n.],
_c1926.
300 _a25 p. :
_bil. ;
_c28 cm.
500 _aDel "Archivo Español de Arte y Arqueología", nº 6.
852 _aES-MaACL
_j1709-F-12
999 _c115689
_d115689